Statistics for Countries where French is an Official and Co-Official language

Click here to take the quiz!

General Stats

  • This quiz has been taken 32 times
  • The average score is 20 of 27

Answer Stats

Official/Co-Official
Language
% Correct
Switzerland
100%
Belgium
96%
Ivory Coast
93%
Luxembourg
93%
Chad
89%
Canada
85%
Guinea
85%
Niger
85%
Senegal
85%
Central African Republic
81%
Togo
81%
Benin
78%
Cameroon
78%
Congo
78%
Mali
78%
Burundi
74%
Madagascar
74%
Monaco
74%
Gabon
70%
Burkina Faso
67%
Comoros
67%
Djibouti
63%
Haiti
59%
Seychelles
59%
Equatorial Guinea
41%
Vanuatu
30%
Democratic Republic of Congo
19%

Score Distribution

Percentile by Number Answered

Percent of People with Each Score

Your Score History

You have not taken this quiz